|
|
|
|
| LEADER |
01246nam a2200373 a 4500 |
| 001 |
000561269 |
| 003 |
CZ BrMZK |
| 005 |
20070514124044.0 |
| 007 |
ta |
| 008 |
000115s2001 xr e p rus d |
| 015 |
|
|
|a cnb001004180
|
| 020 |
|
|
|a 80-7251-056-8
|
| 035 |
|
|
|a (OCoLC)85013048
|
| 040 |
|
|
|a BOA001
|b cze
|
| 041 |
1 |
|
|a rus
|a cze
|
| 072 |
|
7 |
|a 811.161
|x Východoslovanské jazyky
|2 Konspekt
|9 11
|
| 072 |
|
7 |
|a 37.016
|x Učební osnovy. Vyučovací předměty. Učebnice
|2 Konspekt
|9 22
|
| 080 |
|
|
|a 811.161.1
|2 MRF
|
| 080 |
|
|
|a 351.74:001
|2 MRF
|
| 080 |
|
|
|a 81'373.46
|2 MRF
|
| 080 |
|
|
|a (075.8)
|2 MRF
|
| 100 |
1 |
|
|a Dlouhá, Oxana
|7 jn20010309487
|
| 245 |
1 |
0 |
|a Odborná ruština pro magisterské studium /
|c Oxana Dlouhá
|
| 250 |
|
|
|a Vyd. 1.
|
| 260 |
|
|
|a Praha :
|b Policejní akademie České republiky,
|c 2001
|
| 300 |
|
|
|a 131 s. :
|b il. ;
|c 29 cm
|
| 500 |
|
|
|a Bibliogr.
|
| 650 |
0 |
7 |
|a ruština
|7 ph125351
|2 czenas
|
| 650 |
0 |
7 |
|a policejní vědy
|7 ph265668
|2 czenas
|
| 650 |
0 |
7 |
|a oborová terminologie
|7 ph138998
|2 czenas
|
| 655 |
|
7 |
|a učebnice vysokých škol
|7 fd133772
|2 czenas
|
| 910 |
|
|
|a BOA001
|b 4-1086.105
|
| 990 |
|
|
|a BK
|
| 996 |
6 |
|
|b 2610136204
|c 4-1086.105
|l MZK
|r Sklad / do 1 hodiny
|n 2
|p p.v.
|w 000561269
|u 000010
|a 1
|e BOA001
|j MZK50
|s P
|